Liečebné úspechy Marie Trebenovej : (Record no. 22964)
[ view plain ]
| 000 -LEADER | |
|---|---|
| fixed length control field | 00788nam a22001931 4500 |
| 001 - CONTROL NUMBER | |
| control field | 22964 |
| 003 - CONTROL NUMBER IDENTIFIER | |
| control field | CZ PrNK |
| 005 - DATE AND TIME OF LATEST TRANSACTION | |
| control field | 20260513081845.0 |
| 008 - FIXED-LENGTH DATA ELEMENTS--GENERAL INFORMATION | |
| fixed length control field | 020307s1991 xo slo |
| 020 ## - INTERNATIONAL STANDARD BOOK NUMBER | |
| International Standard Book Number | 8071180262 |
| 040 ## - CATALOGING SOURCE | |
| Original cataloging agency | ABA001 |
| Language of cataloging | cze |
| Transcribing agency | ABA001 |
| Modifying agency | ABA001 |
| 041 1# - LANGUAGE CODE | |
| Language code of text/sound track or separate title | slo |
| Language code of original | ger |
| 100 1# - MAIN ENTRY--PERSONAL NAME | |
| Personal name | Treben, Maria, |
| Dates associated with a name | 1907-1991 |
| Relationship | aut |
| 245 10 - TITLE STATEMENT | |
| Title | Liečebné úspechy Marie Trebenovej : |
| Remainder of title | Listy a správy o liečebných úspechoch podľa bylinkárskej knižky Zdravie z Božej lekárne / |
| Statement of responsibility, etc. | Z nem. orig. Maria Treben's Heilerfolge - Briefe und Berichte von Heilerfolgen mit dem Kräuterbuch Gesundheit aus der Apotheke Gottes prel. Katarína Hatalová ; Barev. il. Robert Schöller |
| 260 ## - PUBLICATION, DISTRIBUTION, ETC. | |
| Place of publication, distribution, etc. | Bratislava : |
| Name of publisher, distributor, etc. | Ikar, |
| Date of publication, distribution, etc. | 1991 |
| 300 ## - PHYSICAL DESCRIPTION | |
| Extent | 93 s. ; |
| Dimensions | 4° |
| 910 ## - USER-OPTION DATA (OCLC) | |
| User-option data | ABA001 |
| 942 ## - ADDED ENTRY ELEMENTS (KOHA) | |
| Source of classification or shelving scheme | Dewey Decimal Classification |
| Koha item type | Odborná literatúra pre dospelých |
| Suppress in OPAC | No |
| Stav vyradenia | Strata | Poškodenie | Spôsob nadobudnutia | Domovská knižnica | Aktuálna knižnica | Dátum nadobudnutia | Total checkouts | Čiarový kód exemplára | Date last seen | Typ exemplára |
|---|---|---|---|---|---|---|---|---|---|---|
| Dar | Obecná knižnica Turčianska Štiavnička | Obecná knižnica Turčianska Štiavnička | 13.05.2026 | 4738001258 | 13.05.2026 | Odborná literatúra pre dospelých |
